000 00681nam a2200181 a 4500
001 000029074
005 20200930055320.0
008 110413s1995 dr 000 0 spa d
040 _aDO-SdBNP
_bspa
_cBNPHU
041 1 7 _aspa
_heng
082 _asss
_bsss
245 0 0 _aIntellectual property :
_blegal guide /.
260 _aSanto Domingo :
_bPellerano & Herrera,
_c1995.
300 _a41 p. ;
_c22 cm.
500 _aTítulo tomado de la cubierta
500 _athe content of this guide is not intended to constitute lega advice on specific matters. Readers should consult legal c ounsel for advise
710 2 _aState Scretariat of Industry and Commerce (Dominican Republic)
_955974
999 _c28566
_d28566